000 00928nam a22002177a 4500
003 OSt
005 20250827100851.0
008 240305b ||||| |||| 00| 0 eng d
040 _c0
082 _aDPer 621.317 Ie21 July 2022 v. 37 n. 7
100 _aChen, Fengwei.
_eauthor.
_953976
245 _aDynamic reduced-order modeling of wireless power transfer systems via polynomial approximation /
_cFengwei Chen, Zhipeng Deng, Hongsheng Hu, and Yue Sun.
260 _aNew York ;
_bThe Institute of Electrical and Electronics Engineers, Inc. ,
_cJuly 2022.
300 _avolume 37, pages 7540-7547 :
_billustration ;
_c28 cm.
500 _aIEEE Transaction on Power Electronics Society, vol. 37, no. 7, pages 7540-7547,July 2022.
700 _aChen, Fengwei.
_eauthor.
_953976
700 _aDeng, Zhipeng.
_eauthor.
_953977
700 _aHu, Hongsheng.
_eauthor.
_953978
700 _aSun, Yue.
_eauthor.
_953979
942 _2ddc
_cPER
999 _c19522
_d19522